|
|
|
|
| LEADER |
00970nam a2200265 a 4500 |
| 001 |
GR-MES1877 |
| 008 |
991111s xxk 000 b eng d |
| 020 |
|
|
|a 0852381816
|
| 040 |
|
|
|a GrPaTEI
|b gre
|c GR-PaULI
|
| 245 |
0 |
0 |
|a Abalone of the world :
|b Biology, fisheries and culture.
|
| 260 |
|
|
|a Oxford :
|b Fishing News Books,
|c c1992
|
| 300 |
|
|
|a 608σελ. :
|b εικ.,σχημ.
|
| 650 |
|
4 |
|a Αλιεία
|
| 650 |
|
4 |
|a Βιολογία
|
| 650 |
|
4 |
|a ΓΑΣΤΕΡΟΠΟΔΑ
|
| 650 |
|
4 |
|a Καλλιέργεια
|
| 650 |
|
4 |
|a ΜΑΛΑΚΙΑ
|
| 700 |
1 |
|
|a Guzman Del Proo, S.
|
| 700 |
1 |
|
|a Shepherd, S.
|
| 700 |
1 |
|
|a Tegner, M.
|
| 710 |
0 |
|
|a Fishing News Books
|
| 942 |
|
|
|2 ddc
|
| 952 |
|
|
|0 0
|1 0
|2 ddc
|4 0
|6 639_483000000000000_2_SHE
|7 0
|9 266168
|a MSLG
|b MSLG
|c BSC
|d 2021-01-17
|e 24
|f 2
|g 0.00
|l 0
|o 639.483 2 SHE
|p 2420000005985
|r 2021-01-17 00:00:00
|t 1
|w 2021-01-17
|y BK15
|z ΔΙΑΔΑΝΕΙΣΜΟΣ
|x 19991111 0 1
|x GrPaTEI
|
| 971 |
|
|
|a .b25729214
|b 15-04-20
|c 13-09-16
|
| 999 |
|
|
|c 153065
|d 153065
|